New uses for former church buildings (Record no. 108356)

MARC details
000 -LEADER
fixed length control field 01586cad a22002535a 4500
001 - CONTROL NUMBER
control field E144025
008 - FIXED-LENGTH DATA ELEMENTS--GENERAL INFORMATION
fixed length control field 080612s2006 xxk f 000 0 eng d
020 ## - INTERNATIONAL STANDARD BOOK NUMBER
International Standard Book Number 0954054059
035 ## - SYSTEM CONTROL NUMBER
System control number (Sirsi) u144025
041 0# - LANGUAGE CODE
Language code of text/sound track or separate title eng
050 04 - LIBRARY OF CONGRESS CALL NUMBER
Classification number 690.241 $2 18
110 2# - MAIN ENTRY--CORPORATE NAME
Corporate name or jurisdiction name as entry element Scottish Civic Trust
9 (RLIN) 2679
245 00 - TITLE STATEMENT
Title New uses for former church buildings
Remainder of title a study of inspiration and hope
Medium [electronic resource]
260 ## - PUBLICATION, DISTRIBUTION, ETC.
Place of publication, distribution, etc. Glasgow
Name of publisher, distributor, etc. Scottish Civic Trust
Date of publication, distribution, etc. 2006
300 ## - PHYSICAL DESCRIPTION
Extent 37p.
Other physical details col. ill.
Dimensions 30cm.
505 2# - FORMATTED CONTENTS NOTE
Formatted contents note Summary -- Why do churches become redundant? -- Why save a church building? -- Adaptability -- Commercial use -- Educational use -- 101 uses for an old church -- Recreational use -- Residential use -- Multiple use -- Other alternatives -- Conclusions -- The Buildings at Risk Service -- Statistics on churches at risk -- The work of the Scottish Civic Trust -- Related organisations and useful links -- Contributors' websites
520 ## - SUMMARY, ETC.
Summary, etc. Uses research carried out by the Scottish Civic Trust to discuss examples of the re-use of redundant church buildings in Scotland. Lists 130 potential new uses for such buildings, and suggests that finding an alternative use may not be as difficult as some anticipate. Includes case studies.
521 ## - TARGET AUDIENCE NOTE
Target audience note Introductory
590 ## - LOCAL NOTE (RLIN)
Local note KA
651 #4 - SUBJECT ADDED ENTRY--GEOGRAPHIC NAME
Geographic name Scotland
Chronological subdivision 1999-
690 ## - LOCAL SUBJECT ADDED ENTRY--TOPICAL TERM (OCLC, RLIN)
Topical term or geographic name as entry element PROPERTY-OTHER PROPERTY TYPES-RELIGIOUS PROPERTY-CHURCH AND CHAPEL PROPERTY
856 41 - ELECTRONIC LOCATION AND ACCESS
Uniform Resource Identifier <a href="https://www.scottishcivictrust.org.uk/media/91669/churches%20publication%20(web).pdf">https://www.scottishcivictrust.org.uk/media/91669/churches%20publication%20(web).pdf</a>
Public note View the item free of charge at www.scottishcivictrust.org.uk
942 ## - ADDED ENTRY ELEMENTS (KOHA)
Suppress in OPAC 0
Holdings
Withdrawn status Lost status Source of classification or shelving scheme Damaged status Not for loan Home library Current library Shelving location Date acquired Total Checkouts Full call number Barcode Date last seen Copy number Price effective from Koha item type
    Dewey Decimal Classification     Virtual Virtual Online 04/07/2011   ONLINE PUBLICATION 144025-2001 06/08/2019 1 06/08/2019 Book